The Wombles - Statistics

General Stats
  • This quiz has been taken 26 times
  • The average score is 6 of 17
Answer Stats
Answer % Correct
Great Uncle Bulgaria
100%
Orinoco
83%
Tomsk
78%
Wellington
78%
Tobermory
65%
Madame Cholet
52%
Bungo
39%
Alderney
22%
Miss Adelaide
13%
Shansi
9%
Stepney
9%
Cairngorm MacWomble the Terrible
4%
Hoboken
4%
Livingstone
4%
Moosonee
4%
Nanny Alexandria
4%
Obidos
4%
No matching quizzes found
Score Distribution
Percent of People with Each Score
Percentile by Number Answered
Your Score History
You have not taken this quiz